Historia de la economía / (Registro nro. 5399)
[ vista simple ]
| 000 -LEADER | |
|---|---|
| fixed length control field | 01211nam a2200301Ia 4500 |
| 003 - CONTROL NUMBER IDENTIFIER | |
| control field | OSt |
| 005 - DATE AND TIME OF LATEST TRANSACTION | |
| control field | 20200520121657.0 |
| 008 - FIXED-LENGTH DATA ELEMENTS--GENERAL INFORMATION | |
| fixed length control field | 191128s1948 mx gr 000 0dspa d |
| 020 ## - INTERNATIONAL STANDARD BOOK NUMBER | |
| International Standard Book Number | 9681602552 |
| 040 ## - CATALOGING SOURCE | |
| Original cataloging agency | CO-JMCR |
| Transcribing agency | CO-JMCR |
| 041 1# - LANGUAGE CODE | |
| Language code of text/sound track or separate title | spa |
| Language code of original | eng |
| 082 04 - DEWEY DECIMAL CLASSIFICATION NUMBER | |
| Classification number | 330 .09 / |
| Item number | F353h |
| Edition number | 23 |
| 100 1# - MAIN ENTRY--PERSONAL NAME | |
| Personal name | Ferguson, John M., |
| Relator term | autor |
| 9 (RLIN) | 4568 |
| 245 10 - TITLE STATEMENT | |
| Title | Historia de la economía / |
| Statement of responsibility, etc. | John M. Ferguson ; traducción de Vicente Polo |
| 250 ## - EDITION STATEMENT | |
| Edition statement | Primera edición |
| 260 ## - PUBLICATION, DISTRIBUTION, ETC. | |
| Place of publication, distribution, etc. | México : |
| Name of publisher, distributor, etc. | Fondo de Cultura Económica, |
| Date of publication, distribution, etc. | 1948 |
| 300 ## - PHYSICAL DESCRIPTION | |
| Extent | 286 páginas ; |
| Dimensions | 20 cm. |
| 490 0# - SERIES STATEMENT | |
| Series statement | Sección de obras de economía |
| 500 ## - GENERAL NOTE | |
| General note | Incluye índice analítico páginas 271-282. |
| 504 ## - BIBLIOGRAPHY, ETC. NOTE | |
| Bibliography, etc. note | Bibliografía: páginas 267-269 |
| 505 ## - FORMATTED CONTENTS NOTE | |
| Formatted contents note | El mundo antiguo -- La edad media -- El mercantilismo -- Reacción contra el mercantilismo -- Adam Smith -- De Adam Smith a David Ricardo -- David Ricardo -- De David Ricardo a John Stuart Mill -- John Stuart y John Elliot Cairnes |
| 534 ## - ORIGINAL VERSION NOTE | |
| Introductory phrase | Landmarks of economic thought |
| 546 ## - LANGUAGE NOTE | |
| Language note | Traducido del inglés |
| 650 14 - SUBJECT ADDED ENTRY--TOPICAL TERM | |
| Topical term or geographic name entry element | Historia económica |
| General subdivision | Mercantilismo |
| 9 (RLIN) | 4569 |
| 650 24 - SUBJECT ADDED ENTRY--TOPICAL TERM | |
| Topical term or geographic name entry element | Teoría económica |
| 9 (RLIN) | 1066 |
| 700 1# - ADDED ENTRY--PERSONAL NAME | |
| Personal name | Polo, Vicente, |
| Relator term | traductor |
| 9 (RLIN) | 4570 |
| 942 ## - ADDED ENTRY ELEMENTS (KOHA) | |
| Source of classification or shelving scheme | Dewey Decimal Classification |
| Koha item type | Books |
| Withdrawn status | Lost status | Source of classification or shelving scheme | Materials specified (bound volume or other part) | Damaged status | Not for loan | Home library | Current library | Shelving location | Date acquired | Source of acquisition | Cost, normal purchase price | Total Checkouts | Full call number | Barcode | Date last seen | Copy number | Price effective from | Koha item type |
|---|---|---|---|---|---|---|---|---|---|---|---|---|---|---|---|---|---|---|
| Dewey Decimal Classification | Donación--15/04/2018-- | Biblioteca Pública José María del Castillo y Rada | Biblioteca Pública José María del Castillo y Rada | General Stacks | 11/28/2019 | Donación | 0.00 | 330.09 / F353h | 430001858 | 05/16/2024 | Ej.1 | 11/28/2019 | Books |